000 04285cam a2200445 i 4500
003 SA-RiAUC
005 20250418124409.0
008 250317s1999 ua f b 000 0 ara c
024 0 _a00000000966026
024 0 _a00000000989009
040 _aSA-JeALM
_bara
_cSA-RiAUC
_dSA-RiKAPL
_erda
043 _af-ua---
050 4 _b.H87 1999
082 0 4 _a253.901
_qSA-RiAUC
090 _a253.901
_b ح س ي
100 1 _aالحسيني، أحمد إبراهيم إبراهيم،
_d1874-1945
_eمؤلف.
245 1 0 _aانتقال ما كان يملكه الإنسان حال حياته إلى غيره بعد موته :
_bالتركة والحقوق المتعلقة بها-المواريث علما وعملا-الوصية-تصرفات المريض-مرض الموت في الشريعة الإسلامية والقانون /
_cبقلم أحمد إبراهيم بك، واصل علاء الدين أحمد إبراهيم.
246 3 0 _aالتركة والحقوق المتعلقة بها
246 3 0 _aالمواريث علما وعملا
246 3 0 _aمرض الموت في الشريعة الإسلامية والقانون
246 3 0 _aالوصية
250 _aالطبعة الثانية، مزيدة ومنقحة.
264 1 _a[مكان النشر غير محدد] :
_b[الناشر غير محدد]،
_c1999.
264 2 _aالقاهرة :
_bالمكتبة الأزهرية للتراث
300 _a1187 صفحة ؛
_c24 سم
336 _aنص
_btxt
_2rdacontent
_3كتاب
337 _aبدون وسيط
_bn
_2rdamedia
338 _aمجلد
_bnc
_2rdacarrier
500 _aأضيف إليها أحكام ميراث طفل الأنابيب والوصيه له.
504 _aيشتمل على إرجاعات ببليوجرافية.
505 0 _aالمحتويات:-الكتاب الأول التركة والحقوق المتعلقة بها-مقدمة-الباب الأول: التركة، الفصل الأول: تعريف التركة، الفصل الثاني: الفرع الأول: حلول آجال الديون بالموت-الباب الثاني: الحقوق المتعلقة بالتركة، الفصل الأول: حق التجهيز والديون، الفصل الثاني: حق والوصية والميراث-الكتاب الثاني: المواريث علما وعملا، الباب الأول: حق الإرث، الفصل الأول: أسباب الإرث، الفصل الثاني: شروط استحقاق الإرث-الكتاب الثالث: الوصية، الباب الأول: تعريف الوصية وأركانها، الفصل الأول: تعريف الوصية، الفصل الثاني: تكييف الوصية وما تنعقد به-الكتاب الرابع: تصرفات المريض مرض الموت، الباب الأول: تمهيد، تعريف المرض، مرض الموت-الباب الثاني: أحكام تصرفات المريض مرض الموت، ... وموضوعات أخرى.
520 _aيتناول كتاب (انتقال ما كان يملكه الإنسان حال حياته إلى غيره بعد موته التركة والحقوق المتعلقة بها) والذي قام بتأليفه الشيخ أحمد إبراهيم بك، في حوالي (1187) صفحة من القطع المتوسط موضوع (التركة والحقوق المتعلقة بها) الكتاب جمع فيه المؤلف مجموعة من محاضراته التي كان ألقاها على طلاب القانون الخاص، بقسك الدكتوراة بكلية الحقوق في المواريث من الناحية العلمية مع إيراد مذاهب فقهاء الشريعة الإسلامية في المسائل الخلافية وأدلة كل مذهب والموازنة بين الأدلة.
650 7 _aالمواريث (فقه إسلامي)
_2aucsh
650 7 _aالوصايا (فقه إسلامي)
_2aucsh
650 7 _aالمواريث
_xقوانين وتشريعات
_zمصر
_2aucsh
700 1 _aإبراهيم، واصل علاء الدين أحمد
_eمؤلف.
942 _2ddc
_cBOOK
_n0
949 _aSA-JeALM
_d250317
_umohamedma123
_n1
999 _c7152
_d7152